ՀՀ Գիտությունների ազգային ակադեմիայի հիմնարար գիտական գրադարան  =   Fundamental Scientific Library of NAS RA

Степан Разин / (Record no. 234071)

MARC details
000 -LEADER
fixed length control field 00902nam a2200229 u 4500
001 - CONTROL NUMBER
control field 000651180
003 - CONTROL NUMBER IDENTIFIER
control field AM-YeHGA
005 - DATE AND TIME OF LATEST TRANSACTION
control field 20250617141213.0
008 - FIXED-LENGTH DATA ELEMENTS--GENERAL INFORMATION
fixed length control field 090416s1987 ||| r 000 0 rus d
040 ## - CATALOGING SOURCE
Original cataloging agency AM-YeHGA
041 0# - LANGUAGE CODE
Language code of text/sound track or separate title rus
090 ## - LOCALLY ASSIGNED LC-TYPE CALL NUMBER (OCLC); LOCAL CALL NUMBER (RLIN)
-- 235632
100 1# - MAIN ENTRY--PERSONAL NAME
Personal name Сахаров, Андрей Николаевич
245 10 - TITLE STATEMENT
Title Степан Разин /
Statement of responsibility, etc. Андрей Сахаров.
250 ## - EDITION STATEMENT
Edition statement 2-е изд., доп.
260 ## - PUBLICATION, DISTRIBUTION, ETC.
Place of publication, distribution, etc. Москва :
Name of publisher, distributor, etc. Мол. гвардия,
Date of publication, distribution, etc. 1987.
300 ## - PHYSICAL DESCRIPTION
Extent 303 с. :
Other physical details [16] л. ил.
440 #0 - SERIES STATEMENT/ADDED ENTRY--TITLE
Title Жизнь замечат. людей
-- ЖЗЛ: Сер. биогр.: Осн. в 1933 г. М. Горьким
Volume/sequential designation 4(515)
504 ## - BIBLIOGRAPHY, ETC. NOTE
Bibliography, etc. note Библиогр.: с. 302
600 14 - SUBJECT ADDED ENTRY--PERSONAL NAME
Personal name Разин, Степан Тимофеевич
653 0# - INDEX TERM--UNCONTROLLED
Uncontrolled term Крестянская война под руководством Степана Разина 1667-1671 гг. (х.л.)
Holdings
Withdrawn status Lost status Damaged status Not for loan Collection Home library Current library Date acquired Total checkouts Full call number Barcode Date last seen Price effective from Koha item type Public note
        General Fundamental Scientific Library Fundamental Scientific Library 29/12/2016   PII/570059 FL0107918 29/12/2016 29/12/2016 Գրքեր / Books 30 Days Loan


ՀՀ ԳԱԱ հիմնարար գիտական գրադարան
ՀՀ,Երևան 0019
Մարշալ Բաղրամյան 24/6
հեռախոս:(374-10) 52-47-50
Հետադարձ կապ

All site content, except where otherwise noted, is licensed under a
Creative Commons License